000 00567nam a2200217Ia 4500
003 OSt
005 20220928141631.0
006 a|||||r|||| 00| 0
007 ta
008 220927b |||||||| |||| 00| 0 eng d
024 _a16421
037 _cTextual
040 _aSDCL
_cSDCL
_beng
041 _2eng
_aeng
082 _aO142,3N04,1, 111J2.2
100 _aOstrovsky Nikolai
_9501259
245 0 _aHow the steel was tempered.
260 _c1952
942 _hO142,3N04,1, 111J2.2
_cTEXL
_2CC
999 _c818774
_d818774